|
|
|
|
| LEADER |
00707cam a2200217 i 4500 |
| 001 |
0000150576 |
| 005 |
20260116090000.0 |
| 008 |
260116t2014 my a e may |
| 020 |
|
|
|a 9789675106156
|q paperback
|c RM20.00
|
| 040 |
|
|
|a RMC
|b eng
|c RMC
|e rda
|
| 090 |
0 |
0 |
|a FM
|b FAT
|
| 100 |
1 |
|
|a Fatimah Busu
|e author
|
| 245 |
1 |
0 |
|a Ombak Bukan Biru
|c Fatimah Busu
|
| 264 |
|
1 |
|a Ampang ,Selangor
|b Pekan Ilmu Publications Sdn. Bhd
|
| 300 |
|
|
|a vi,406pages
|c 19cm
|
| 336 |
|
|
|a text
|2 rdacontent
|
| 337 |
|
|
|a unmediated
|2 rdamedia
|
| 338 |
|
|
|a volume
|2 rdacarrier
|
| 650 |
1 |
0 |
|a Malaysian fiction (Malay)
|
| 852 |
1 |
|
|a RMC
|
| 999 |
|
|
|a 0000039843
|b Royal Military College
|d BOOKS
|e Umum
|f Royal Military College
|j AVAILABLE
|q GOOD CONDITION
|